| 000 | 00607nam a2200229 i 4500 | ||
|---|---|---|---|
| 001 | bg | ||
| 100 | 1 | _aBUCHTA, Monika. | |
| 245 | 1 | 0 |
_aNiezbędnik szukającego pracy / _c[oprac. Monika Buchta] ; Politechnika Lubelska. |
| 260 |
_aLublin : _bWydaw. PL, _c2003. |
||
| 300 |
_a46 s. ; _c24 cm. |
||
| 504 | _aBibliogr. | ||
| 650 | 9 |
_aZatrudnienie _zPolska |
|
| 655 | _aPoradniki | ||
| 710 | 0 | _aPolitechnika Lubelska | |
| 020 | _a8389246007 | ||
| 040 | _cBPK | ||
| 041 | 0 | _apol | |
| 080 | _a331.53(438)(083.1) | ||
| 920 | _a83-89246-00-7 | ||
| 942 | _cKS | ||
| 008 | s pl f |000 0 pol | ||
| 999 |
_c43744 _d43744 |
||
| 856 |
_uhttp://koha.tu.koszalin.pl/cgi-bin/koha/opac-detail.pl?biblionumber=43744 _yKatalog online BPK |
||